| 000 | 01915nam a22002537a 4500 | ||
|---|---|---|---|
| 999 |
_c58387 _d58387 |
||
| 003 | Ge_BSU | ||
| 005 | 20211230110447.0 | ||
| 008 | 211230r2021 ge ||||| |||| 00| 0 geo d | ||
| 020 | _a9789941836312 | ||
| 041 | _ageo | ||
| 080 | _a910.4(479.22) გ-19 | ||
| 100 |
_aგამბა, ჟაკ ფრანსუა _913369 |
||
| 245 |
_aმოგზაურობა კავკასიაში : _b(მოგზაურობა სამხრეთ რუსეთში, კერძოდ, კავკასიის ქედის გადაღმა, რომელიც განახორციელა 1820-1824 წლებში შევალიე გამბამ, მეფის კონსულმა თბილისში). ტომი 2 / _c ჟაკ ფრანსუა გამბა ; ფრანგულიდან თარგმნა მზია მგალობლიშვილმა ; კომენტარები და საძიებლები დაურთო ლელა მიქიაშვილმა ; რედაქტორი გიორგი სანიკიძე. |
||
| 264 |
_aთბილისი, _c2021. |
||
| 300 |
_a282 გვ.; _b25 სმ. |
||
| 500 | _aეძღვნება მზია მგალობლიშვილის ნათელ ხსოვნას. | ||
| 501 | _aსაძიებლები: გვ. 263-280. | ||
| 653 | _aმოგზაურობა კავკასიაში. | ||
| 653 | _aისტორია | ||
| 700 |
_aმგალობლიშვილი, მზია _eმთარგმნელი _913370 |
||
| 700 |
_aსანიკიძე, გიორგი _eრედაქტორი _93936 |
||
| 700 |
_aმიქიაშვილი, ლელა _eკომენტარების ავტორი _913371 |
||
| 942 |
_2udc _cBK |
||